[Event "ChessKid Cup Div 2 W"]
[Site "chess.com INT"]
[Date "2023.05.26"]
[Round "5.3"]
[White "Fedoseev, Vladimir3"]
[Black "Mamedyarov, Shakhriyar"]
[Result "1/2-1/2"]
[WhiteTitle "GM"]
[BlackTitle "GM"]
[WhiteElo "2680"]
[BlackElo "2738"]
[WhiteFideId "24130737"]
[BlackFideId "13401319"]
[EventDate "2023.05.22"]
[EventType "k.o."]

1. d4 d5 2. Bf4 Nf6 3. e3 Bf5 4. c4 e6 5. Qb3 Nbd7 6. Nc3 dxc4 7. Bxc4 Nb6 8.
Be2 Bd6 9. Bg5 Be7 10. Nf3 O-O 11. a4 a5 12. O-O h6 13. Bh4 Nfd5 14. Bg3 Nb4 15.
e4 Bg4 16. Nb5 Rc8 17. Rfd1 c6 18. Nc3 Bd6 19. Ne5 Bxe2 20. Nxe2 Qe7 21. Rac1
Rfd8 22. Ng4 Bxg3 23. hxg3 c5 24. dxc5 Rxd1+ 25. Qxd1 Nd7 26. Qd6 Kf8 27. Qd4 e5
28. Qd1 Rxc5 29. Nc3 Nf6 30. Nxf6 Qxf6 31. Qd7 Qe7 32. Rd1 b6 33. Qg4 g6 34. Rd7
Qf6 35. Qd1 Rc6 36. Qd2 Kg7 37. f4 h5 38. Kh1 Re6 39. Kg1 Rc6 40. Kh1 Re6 41.
Nd5 Nxd5 42. exd5 Re8 43. Rc7 h4 44. Rc6 Qf5 45. gxh4 exf4 46. Qd4+ Kg8 47. Rf6
Re4 48. Rxf5 Rxd4 49. Rf6 Rb4 50. d6 Rxa4 51. d7 Rd4 52. Rxb6 Rxd7 53. Rb5 Ra7
54. Kh2 Kg7 55. Kh3 f5 56. h5 Kh6 57. hxg6 Kxg6 58. Kh2 Kg5 59. Kg1 Kg4 60. Kf2
Ra8 61. b3 Rc8 62. Rxa5 Rc2+ 63. Kf1 Kg3 64. Rxf5 Rf2+ 65. Ke1 Rxg2 66. b4 Rb2
67. Rg5+ Kf3 68. b5 Ke3 69. Re5+ Kd4 70. Rg5 Ke3 71. Re5+ Kd4 72. Rg5 Ke3 1/2-1/2

[Event "ChessKid Cup Div 2 W"]
[Site "chess.com INT"]
[Date "2023.05.26"]
[Round "5.4"]
[White "Mamedyarov, Shakhriyar"]
[Black "Fedoseev, Vladimir3"]
[Result "0-1"]
[WhiteTitle "GM"]
[BlackTitle "GM"]
[WhiteElo "2738"]
[BlackElo "2680"]
[WhiteFideId "13401319"]
[BlackFideId "24130737"]
[EventDate "2023.05.22"]
[EventType "k.o."]

1. d4 Nf6 2. c4 e6 3. Nf3 b6 4. g3 Bb7 5. Bg2 Be7 6. O-O O-O 7. Nc3 Na6 8. a3 d5
9. Ne5 c5 10. cxd5 exd5 11. dxc5 bxc5 12. Bg5 Nc7 13. Qa4 Qd6 14. Bf4 Ne6 15.
Nc4 Qa6 16. Qxa6 Bxa6 17. Nxd5 Nxd5 18. Bxd5 Nxf4 19. gxf4 Rad8 20. Ne3 Bxe2 21.
Rfe1 Bh5 22. Rac1 g6 23. Kg2 Bd6 24. Bf3 Bxf3+ 25. Kxf3 Kg7 26. Rcd1 Bc7 27. Nd5
Bb8 28. Nc3 Rd4 29. Rxd4 cxd4 30. Ne4 Rd8 31. Rh1 Rd5 32. Ng3 f5 33. Rd1 d3 34.
Ke3 g5 35. Kf3 g4+ 36. Ke3 Kg6 37. Rxd3 Bxf4+ 38. Ke2 Rxd3 39. Kxd3 h5 40. b4 h4
41. Nf1 Bd6 42. Kc4 Bc7 43. a4 Bb6 44. f3 gxf3 45. a5 Bg1 46. Nd2 Bxh2 47. Nxf3
Bg3 48. b5 h3 49. b6 a6 0-1

[Event "ChessKid Cup Div 2 W"]
[Site "chess.com INT"]
[Date "2023.05.26"]
[Round "5.5"]
[White "Fedoseev, Vladimir3"]
[Black "Mamedyarov, Shakhriyar"]
[Result "1-0"]
[WhiteTitle "GM"]
[BlackTitle "GM"]
[WhiteElo "2680"]
[BlackElo "2738"]
[WhiteFideId "24130737"]
[BlackFideId "13401319"]
[EventDate "2023.05.22"]
[EventType "k.o."]

1. e4 e5 2. Nf3 Nc6 3. Bc4 Nf6 4. d3 d5 5. exd5 Nxd5 6. O-O Nb6 7. Bb5 Bd6 8. d4
e4 9. Re1 f5 10. Bg5 Qd7 11. c4 O-O 12. c5 exf3 13. cxb6 Qf7 14. Bxc6 bxc6 15.
Qxf3 axb6 16. Nc3 f4 17. Qxc6 Bd7 18. Qd5 Qxd5 19. Nxd5 Rf7 20. Be7 Bc6 21. Bxd6
Bxd5 22. Bb4 h6 23. a3 b5 24. Re5 c6 25. f3 Kh7 26. h4 Rg8 27. Kf2 g5 28. hxg5
Rxg5 29. Rh1 Kg6 30. Re8 Rg7 31. Rf8 Rf7 32. Rh8 h5 33. Rh4 Rgf5 34. Bd6 Bc4 35.
Rg8+ Kh7 36. Re8 Bd5 37. Be5 Kg6 38. Rg8+ Kh7 39. Rh8+ Kg6 40. Rh3 c5 41. g4 1-0